Poznámky k přednáškám z patologie /

Korporativní autor: Veterinární a farmaceutická univerzita Brno. Ústav humánní farmakologie a toxikologie
Jazyk: Čeština
Vydáno: Brno : Veterinární a farmaceutická univerzita, 2004
Vydání: Vyd. 1.
Témata:
Externí odkaz: Digitalizovaný dokument
Fyzický popis: 57 l. : il.; 30 cm
Knihy
Uloženo v:
LEADER 01896nam a2200409 a 4500
001 000761253
003 CZ BrMZK
005 20050421131123.0
007 ta
008 050126s2004 xr a erp 000 0 cze d
015 |a cnb001497608 
020 |a 80-7305-503-1  |q (brož.) 
035 |a (OCoLC)85135204 
040 |a BOA001  |b cze 
072 7 |a 616  |x Patologie. Klinická medicína  |2 Konspekt  |9 14 
072 7 |a 37.016  |x Učební osnovy. Vyučovací předměty. Učebnice  |2 Konspekt  |9 22 
080 |a 616-091  |2 MRF 
080 |a 616-07  |2 MRF 
080 |a (075.8)  |2 MRF 
245 0 0 |a Poznámky k přednáškám z patologie /  |c Jarmila Klusáková ... [et al.] 
250 |a Vyd. 1. 
260 |a Brno :  |b Veterinární a farmaceutická univerzita,  |c 2004 
300 |a 57 l. :  |b il.;  |c 30 cm 
500 |a Nad názvem: Veterinární a farmaceutická univerzita Brno. Farmaceutická fakulta. Ústav humánní farmakologie a toxikologie 
500 |a 200 s. 
650 0 7 |a patologická anatomie  |7 ph123996  |2 czenas 
650 0 7 |a diagnostika (lékařství)  |7 ph114312  |2 czenas 
655 7 |a učebnice vysokých škol  |7 fd133772  |2 czenas 
710 2 |a Veterinární a farmaceutická univerzita Brno.  |b Ústav humánní farmakologie a toxikologie  |7 mzk2003195375 
856 4 1 |u http://www.digitalniknihovna.cz/mzk/uuid/uuid:a7cbb2d0-984b-11e2-9a9f-005056827e51  |y Digitalizovaný dokument  |x NDK 
910 |a BOA001  |b 4-1148.002 
990 |a BK 
991 |b 200504  |c NOV 
996 6 |b 2610243154  |c 4-1148.002  |l MZK  |r Sklad / do 1 hodiny  |n 2  |p p.v.  |w 000761253  |u 000010  |a 1  |e BOA001  |j MZK50  |s P 
996 7 |b 2610243155  |c 4-1148.002  |l MZK  |r Sklad / do 1 hodiny  |n 6  |p p.v.  |w 000761253  |u 000020  |a 1  |e BOA001  |j MZK50  |s A 
996 7 |b 2610248157  |c 4-1148.002  |l MZK  |r Sklad / do 1 hodiny  |n 5  |p kup  |w 000761253  |u 000030  |a 1  |e BOA001  |j MZK50  |s A 
996 7 |b 2610248158  |c 4-1148.002  |l MZK  |r Sklad / do 1 hodiny  |n 4  |p kup  |w 000761253  |u 000040  |a 1  |e BOA001  |j MZK50  |s A